| 000 | 00634cab a2200205 4500 | ||
|---|---|---|---|
| 001 | WB3338-34 | ||
| 008 | 090401t1997 xxu||||| |||| 00| 0 eng d | ||
| 035 | _a(Sirsi) u81238 | ||
| 041 | _aeng | ||
| 245 | _aFootball stadium development | ||
| 260 | _c1997 | ||
| 350 | _a0 | ||
| 490 |
_aFinancial Times _v3 October 1997, 30(2) |
||
| 520 | _aFootball clubs are looking at their stadiums as an asset, developing surrounding areas for multi-use leisure and property developments. Examples. | ||
| 650 | _aFOOTBALL STADIUMS | ||
| 650 | _aLEISURE COMPLEXES | ||
| 690 | _aLEISURE AND RECREATION | ||
| 942 | _n0 | ||
| 948 | _c03/10/1997 | ||
| 999 |
_c51202 _d51202 |
||